LEADER 01100nas 2200349 a 450 001 9910131018403321 005 20240413015446.0 035 $a(CKB)3460000000080737 035 $a(CONSER)sn 86031118 035 $a(EXLCZ)993460000000080737 100 $a19850528b19781979 uy a 101 0 $aeng 181 $ctxt$2rdacontent 182 $cc$2rdamedia 183 $acr$2rdacarrier 200 10$aActinomycetes 210 $a[Augusta, GA $cDept. of Cell and Molecular Biology, Medical College of Georgia] 215 $a1 online resource 311 $aPrint version: Actinomycetes (Augusta, Ga.) (DLC)sn 86031118 (OCoLC)12085274 1125-9000 531 0 $aActinomycetes 531 0 $aActinomycetes 606 $aActinomycetales$vPeriodicals 606 $aCorynebacterium$vPeriodicals 615 2$aActinomycetales 615 2$aCorynebacterium 676 $a589 712 02$aMedical College of Georgia.$bDepartment of Cell and Molecular Biology. 906 $aJOURNAL 912 $a9910131018403321 920 $aexl_impl conversion 996 $aActinomycetes$92255765 997 $aUNINA LEADER 02205nas 2200613-a 450 001 996210685903316 005 20240611091656.0 035 $a(DE-599)ZDB2067648-7 035 $a(OCoLC)60621753 035 $a(CKB)954921374681 035 $a(CONSER)--2012236793 035 $a(EXLCZ)99954921374681 100 $a20050614a19799999 --- - 101 0 $aeng 135 $aurmn||||||||| 181 $ctxt$2rdacontent 182 $cc$2rdamedia 183 $acr$2rdacarrier 200 10$aInc 210 $a[Boston, MA] $c[United Marine Pub.] 215 $a1 online resource 300 $aBeginning in 1995, has four issues per year called: Inc. technology, and two "special issues", all of which have volume numbering intermingled with the regular monthly issues and results in a total of 18 issues per year; Issues for <2003-> have 13 issues a year including a special Fall issue called: The Inc. 500. 300 $aIssues for published by Inc. Publishing Co.; Sept. 2001- by Gordon Lee Jones. 311 $a0162-8968 517 1 $aInc. technology 531 $aINC THE MAGAZINE FOR GROWING COMPANIES 606 $aSmall business$zUnited States$vPeriodicals 606 $aGoing public (Securities)$zUnited States$vDirectories 606 $aBusiness$vPeriodicals 606 $aPetites et moyennes entreprises$zÉtats-Unis$vPériodiques 606 $aAffaires$vPériodiques 606 $aSmall Business$2ebps 606 $aManagement$2ebps 606 $aBusiness$2fast$3(OCoLC)fst00842262 606 $aGoing public (Securities)$2fast$3(OCoLC)fst00944353 606 $aSmall business$2fast$3(OCoLC)fst01121223 607 $aUnited States$2fast 608 $aDirectories.$2fast 608 $aPeriodicals.$2fast 615 0$aSmall business 615 0$aGoing public (Securities) 615 0$aBusiness 615 6$aPetites et moyennes entreprises 615 6$aAffaires 615 7$aSmall Business. 615 7$aManagement. 615 7$aBusiness. 615 7$aGoing public (Securities) 615 7$aSmall business. 676 $a658/.022 906 $aJOURNAL 912 $a996210685903316 996 $aInc$92316000 997 $aUNISA